A dictionary of hindu names / (Record no. 122962)

MARC details
000 -LEADER
fixed length control field 00655nam a22002177a 4500
005 - DATE AND TIME OF LATEST TRANSACTION
control field 20170124105918.0
010 ## - LIBRARY OF CONGRESS CONTROL NUMBER
LC control number A-604682
020 ## - INTERNATIONAL STANDARD BOOK NUMBER
International Standard Book Number 8185689024
Terms of availability 120.00
035 ## - SYSTEM CONTROL NUMBER
System control number A-604682
037 ## - SOURCE OF ACQUISITION
Source of stock number/acquisition Cen Lib/Ret
040 ## - CATALOGING SOURCE
Original cataloging agency DPL
Language of cataloging EN
082 ## - DEWEY DECIMAL CLASSIFICATION NUMBER
Classification number 423.8
Item number DOG
100 ## - MAIN ENTRY--PERSONAL NAME
Personal name Dogra, Ramesh C.
9 (RLIN) 106807
245 ## - TITLE STATEMENT
Title A dictionary of hindu names /
Statement of responsibility, etc by Ramesh C. Dogra [and] Urmila Dogra
260 ## - PUBLICATION, DISTRIBUTION, ETC. (IMPRINT)
Place of publication, distribution, etc New Delhi
Name of publisher, distributor, etc Aditya Prakashan
Date of publication, distribution, etc 1992
270 ## - ADDRESS
City Delhi
Address F-14/65, Model Town II
Postal code 110009
300 ## - PHYSICAL DESCRIPTION
Extent 125p.
Dimensions 21cm(Hb)
650 ## - SUBJECT ADDED ENTRY--TOPICAL TERM
Topical term or geographic name as entry element Hindu Names
Form subdivision Dictionary
9 (RLIN) 106808
700 ## - ADDED ENTRY--PERSONAL NAME
Personal name Dogra, Urmila
9 (RLIN) 106809
942 ## - ADDED ENTRY ELEMENTS (KOHA)
Source of classification or shelving scheme Dewey Decimal Classification
Koha item type English Books
Classification part 423.8
Call number suffix DOG
Holdings
Withdrawn status Lost status Damaged status Not for loan Collection code Home library Current library Date acquired Source of acquisition Cost, normal purchase price Total Checkouts Full call number Barcode Date last seen Copy number Cost, replacement price Price effective from Koha item type
      Not For Loan Reference Central Library Central Library 01/06/2015 Cen Lib/Ret 120.00   423.8 DOG A-604682 01/06/2015 1 120.00 01/06/2015 English Books

© Delhi Public Library
Hit Counter
free hit counter